Na okraj jedného historicko-filozofického návratu K filozofickému kontextu, začiatku, priebehu a metamorfóze gnozeologických sporov v slovenskej filozofii v štyridsiatych rokoch

Bibliographic Details
Main Author: Kopčok, Andrej, 1928-2008 (Author)
Format: Article
Language:Slovak
PhysicalDescription:Lit. 20 zázn. v slov.
ISSN:1335-0668
Subjects:

MARC

LEADER 00000nab a2200000 a 4500
001 vtls000616093
003 SK-MaSNL
005 20260305020651.0
008 250425c1996 xo 0 slo
015 |a SNBRB19rr/mm-uuuuu 
035 |a CL0616232 
035 |a urn:nbn:sk:snk-ab9jth 
035 |a (urnnbn)urn:nbn:sk:snk:ar-a08hfd 
035 |a (uuid)71727ac4-6d0e-435a-a9da-70ac899f7b33 
040 |a SNKBUCL  |b slo  |c SNKBUCL  |e AACR2 
041 0 |a slo 
044 |a xo  |c SK 
080 |a 165.19  |2 1981 
100 1 |a Kopčok, Andrej,  |d 1928-2008  |4 aut  |9 112767 
245 1 0 |a Na okraj jedného historicko-filozofického návratu  |b K filozofickému kontextu, začiatku, priebehu a metamorfóze gnozeologických sporov v slovenskej filozofii v štyridsiatych rokoch  |c Andrej Kopčok 
300 |b Lit. 20 zázn. v slov. 
650 0 7 |a slovenská filozofia  |2 snkbucl  |9 20342 
650 0 7 |a teória poznania  |2 snkbucl  |9 879 
655 7 |a články z novín a časopisov  |2 snkbucl  |9 267496 
773 0 |t Organon F  |g Roč. 3, č. 3 (1996), s. 298-307  |x 1335-0668 
850 |a Slovenská národná knižnica 
852 |a Slovenská národná knižnica 
954 |a odborná, vedecká literatúra pôvodná (slovenská)  |2 lita 
958 |a article13 
958 |a NX 
958 |a RK 
958 |a OND 
958 |a EUIPO 
992 |a RBX 
999 |c 3281721  |d 3283651